1898 1621 1354 1357 1511 1676 1243 1748 1924 1130 1379 1290 1407 1213 1647 1596 1348 1217 1089 1374 1781 1172 1997 1389 1489 1474 1399 1854 1732 1737 1527 1924 1550 1578 1716 1240 1001 1521 1332 1920 1430 1689 1158 1636 1608 1268 1706 1010 1333 1895 1540 1545 1548 1540 1977 1701 1854 1236 1932 1903 1245 1675 1363 1206 1273 1746 1236 1355 1357 1664 1355 1740 1755 1221 1848 1226 1294 1043 1587 1354 1351 1674 1390 1372 1925 1081 1401 1490 1798 1843 1835 1739 1971 1787 1032 1418 1240 1972 1121 BCNSPRNW ULIB Ver.6.0+V

เปลี่ยนเป็นภาษาไทย

Change to English
 แสดงรายละเอียดบรรณานุกรม
  กลับหน้าหลัก

Brief Record : Get Marc (ISO 2709) : E-mail record : QR code < ปิดหน้าต่าง
LEADER : 00000nam 2200000uu 4500
001    13399114977
003     ULIB
008    120626s2008||||th 000 0 tha d
020    ^a9781405332521
060  4 ^aQS17^bW183D
100 1  ^aRichard Walker
245 14 ^aDr.Frankensteins human body book /^cRichard Walker
250    ^a1st ed.
260    ^aLondon. :^bDorling Kindersley Limited,^c2008
300    ^a93 p.
650  0 ^aHuman anatomy
650  0 ^aBody, Human
945    ^p0^l0^i17090
945    ^p0^l0^i17091
945    ^p0^l0^i17092
945    ^p0^l0^i17093
945    ^p0^l0^i17094
995    ^aKanchaporn
999    ^aใช้งานได้ทุกระบบ
รายการนี้ยังไม่มีแท็ก
คุณยังไม่ได้ล็อกอิน คุณสามารถมีกิจกรรมร่วมกับเว็บไซต์ได้ แต่ต้องล็อกอินก่อน ::
  ล็อกอิน

รายการสื่อสารสนเทศ

ลำดับที่ ประเภท เลขเรียก/บาร์โค้ด สถานที่ สถานะ
1. วิทยาศาสตร์การแพทย์ และสุขภาพ
วิทยาศาสตร์การแพทย์ และสุขภาพ
QS17 W183D ฉ.2 
  Barcode: 17091
ห้องสมุดวิทยาเขตสวรรค์ประชารักษ์
►หนังสือทั่วไป
บนชั้น
2. วิทยาศาสตร์การแพทย์ และสุขภาพ
วิทยาศาสตร์การแพทย์ และสุขภาพ
QS17 W183D ฉ.3 
  Barcode: 17092
ห้องสมุดวิทยาเขตสวรรค์ประชารักษ์
►หนังสือทั่วไป
บนชั้น
3. วิทยาศาสตร์การแพทย์ และสุขภาพ
วิทยาศาสตร์การแพทย์ และสุขภาพ
QS17 W183D ฉ.4 
  Barcode: 17093
ห้องสมุดวิทยาเขตสวรรค์ประชารักษ์
►หนังสือทั่วไป
บนชั้น
4. วิทยาศาสตร์การแพทย์ และสุขภาพ
วิทยาศาสตร์การแพทย์ และสุขภาพ
QS17 W183D ฉ.5 
  Barcode: 17094
ห้องสมุดวิทยาเขตสวรรค์ประชารักษ์
►หนังสือทั่วไป
บนชั้น

รายการใกล้เคียง
    ผู้แต่ง [Richard Walker]

    หัวเรื่อง [Human anatomy]
    หัวเรื่อง [Body, Human]

BibComment


ยังไม่เคยถูกคอมเมนท์

คอมเมนท์ทรัพยากรรายการนี้
  คอมเมนท์: DrFrankensteins ..


 Copyright 2026. Bcnsprnw @Library